Vývoz a propagace spotřebního zboží

Saved in:
Bibliographic Details
Main Author: Kachlík, Alfons
Other Authors: Červený, Zdeněk
Format: Book
Language:Czech
Published: Praha Československá obchodní a průmyslová komora 1988
Series:Otázky obchodní techniky
Tags: Add Tag
No Tags, Be the first to tag this record!

MARC

LEADER 00000nam a2200000 4500
001 c034376
005 20250515083640.4
041 0 |a cze 
044 |a CZ 
245 1 0 |a Vývoz a propagace spotřebního zboží  |c Alfons Kachlík, Zdeněk Červený 
264 1 |a Praha  |b Československá obchodní a průmyslová komora  |c 1988 
300 |a 89 s. 
490 1 |a Otázky obchodní techniky 
830 0 |a Otázky obchodní techniky 
100 1 |a Kachlík, Alfons 
700 1 |a Červený, Zdeněk